La justicia reconoció la aplicación plena del mecanismo de ajuste por inflación sin las limitaciones para el período fiscal 2018. (Registro nro. 35648)
[ vista simple ]
| 000 -LEADER | |
|---|---|
| fixed length control field | 00443 a2200121 4500 |
| 001 - CONTROL NUMBER | |
| control field | ART_57039 |
| 005 - DATE AND TIME OF LATEST TRANSACTION | |
| control field | 20260410162049.0 |
| 008 - FIXED-LENGTH DATA ELEMENTS--GENERAL INFORMATION | |
| fixed length control field | 260409a |
| 100 1# - MAIN ENTRY--PERSONAL NAME | |
| Personal name | Torassa, Marcos R. |
| 245 10 - TITLE STATEMENT | |
| Title | La justicia reconoció la aplicación plena del mecanismo de ajuste por inflación sin las limitaciones para el período fiscal 2018. |
| 700 1# - ADDED ENTRY--PERSONAL NAME | |
| Personal name | Vidal Quera, Gastón F. |
| 773 0# - HOST ITEM ENTRY | |
| Title | Impuestos |
| Related parts | - N° 132 (sep. 2022) |
| Record control number | REV45175 |
No hay ítems disponibles.